| 000 | 00576nam a2200229Ia 4500 | ||
|---|---|---|---|
| 003 | 0100 | ||
| 008 | 130303s9999 xx 000 0 und d | ||
| 020 | _a09780830828753 | ||
| 040 | _cARRUPELIB | ||
| 050 | _aBR1360.O34 2007 | ||
| 100 | _aOden, Thomas | ||
| 245 | _aHow Africa shared the Christian mind | ||
| 245 | _brediscovering the African seedbed of Western Christianity | ||
| 260 | _aIllinois | ||
| 260 | _bIVP Books | ||
| 260 | _C2007 | ||
| 300 | _a204p. | ||
| 300 | _b 22cm. | ||
| 650 | _bConceptualism | ||
| 650 | _cIdea (Philosophy) | ||
| 942 |
_2lcc _01 |
||
| 999 |
_c66917 _d66917 |
||